Štěstí paní Pokorné : obraz ze života /

Hlavní autor: Pohorská, Leonora, 1863-1945
Jazyk: Čeština
Vydáno: V Praze : Nákladem Vydavatelstva Přítele Domoviny, 1897
Edice: Přítel domoviny (Přítel domoviny)
Témata:
Fyzický popis: 144 stran ; 15 cm
Knihy
Uloženo v:
LEADER 01257nam a22003612i 4500
001 001904556
003 CZ BrMZK
005 20240813094231.0
007 ta
008 240813s1897 xr er|||||||||||cze d
015 |a cnb002908304  |z cnb001502404 
040 |a ABA001  |b cze  |e rda 
072 7 |a 821.162.3-3  |x Česká próza  |2 Konspekt  |9 25 
080 |a 821.162.3-3  |2 MRF 
080 |a (0:82-3)  |2 MRF 
100 1 |a Pohorská, Leonora,  |d 1863-1945  |7 jk01100309  |4 aut 
245 1 0 |a Štěstí paní Pokorné :  |b obraz ze života /  |c od Leonory Pohorské 
264 1 |a V Praze :  |b Nákladem Vydavatelstva Přítele Domoviny,  |c 1897 
264 2 |a Tiskem Edv. Beauforta 
300 |a 144 stran ;  |c 15 cm 
336 |a text  |b txt  |2 rdacontent 
337 |a bez média  |b n  |2 rdamedia 
338 |a svazek  |b nc  |2 rdacarrier 
490 1 |a Přítel domoviny ;  |v ročník 13, svazek 11 
500 |a Údaje o edici z bibliografického katalogu 19. stol. 
655 7 |a české prózy  |7 fd133972  |2 czenas 
830 0 |a Přítel domoviny (Přítel domoviny)  |0 s 
910 |a BOA001  |b S-1528.446 
928 9 |a Přítel Domoviny 
990 |a BK 
993 |a Y 
991 |b 202408 
996 6 |b 2610975310  |c S-1528.446  |l MZK  |r Sklad / do 24 hodin  |n 0  |p dar  |w 001973396  |u 000010  |a 1  |e BOA001  |j MZK50  |s P